00696naa a2200229 a 450000100080000000500110000800800410001910000180006024500900007826000090016865300090017765300090018665300240019565300150021970000180023470000170025270000170026970000220028670000210030870000180032977301190034710892722013-05-06 2012 bl uuuu u00u1 u #d1 aPELIZZARI, C. aConcentra????o plasm??tica de diclofenaco s??dico em c??es, submetidos ?? fonoforese. c2012 aC??o aCLAE aDiclofenaco s??dico aSonoforese1 aRAISER, A. G.1 aMAZZANTI, A.1 aSOUZA, S. F.1 aMARTINS, V. M. V.1 aPECCININI, R. G.1 aCAMPOS, M. L. tArquivo Brasileiro de Medicina Veterin??ria e Zootecnia, Belo Horizonte, MGgv. 64, n. 6, p. 1449-1455, dez. 2012.